LEADER 00905nam0-2200325---450- 001 990008183960403321 005 20050912161617.0 010 $a88-207-2231-3 035 $a000818396 035 $aFED01000818396 035 $a(Aleph)000818396FED01 035 $a000818396 100 $a20050912d1992----km-y0itaa50------ba 101 0 $aita 102 $aIT 105 $a--------001yy 200 1 $aIllaudabil maraviglia$ela contraddizione della natura in Giacomo Leopardi$fAnna Clara Bova 210 $aNapoli$cLiguori$dc1992 215 $a195 p.$d22 cm 225 1 $aLetterature$v26 610 0 $aLeopardi, Giacomo$aZibaldone 676 $a858.708 700 1$aBova,$bAnna Clara$0201897 801 0$aIT$bUNINA$c20050912$gRICA$2UNIMARC 901 $aBK 912 $a990008183960403321 952 $aF.Russo 1186$fBAT 959 $aBAT 996 $aIllaudabil maraviglia$9735215 997 $aUNINA LEADER 00847nam0-22002651i-450- 001 990000980610403321 035 $a000098061 035 $aFED01000098061 035 $a(Aleph)000098061FED01 035 $a000098061 100 $a20000920d1955----km-y0itay50------ba 101 0 $aeng 200 1 $aCommemorative volume in honour of Niels Bohr on the occasion of his 70th birthday, Copenhagen October 7th, 1955 210 $aCopenhagen$cMunksgaard$d1955 610 0 $aMeccanica quantistica 676 $a530.12 700 1$aBohr,$bNiels$0256 801 0$aIT$bUNINA$gRICA$2UNIMARC 901 $aBK 912 $a990000980610403321 952 $a22-044$b251$fFI1 959 $aFI1 996 $aCommemorative volume in honour of Niels Bohr on the occasion of his 70th birthday, Copenhagen October 7th, 1955$9353352 997 $aUNINA DB $aING01